| 000 | 01115nam a2200217 i 4500 | ||
|---|---|---|---|
| 001 | 128852 | ||
| 003 | ES-MaACL | ||
| 005 | 20230906193356.0 | ||
| 007 | t| | ||
| 008 | 070529s1971 sp |||| | spa d | ||
| 080 | _a860-2"11/15"(082.2) | ||
| 245 | 0 | 3 |
_aEl teatro anterior a Lope de Vega / _cEveratt W. Hesse y Juan O. Valencia. |
| 260 |
_aMadrid : _bAlcalá, _c[1971] |
||
| 300 |
_a416 p. ; _c18 cm. |
||
| 505 | 8 | _aContiene: El Auto de los Reyes Magos.-- La representación del nacimiento de Nuestro Señor / Gómez Manrique.-- Auto del Repelón. Egloga de Fileno y Zambardo / Juan de Encina.-- Auto de la Pasión / Lucas Fernández.-- Tragicomedia de don Duardos / Gil Vicente.-- Las aceitunas / Lope de Rueda.-- Comedia Ymenea / Torres Naharro.-- Auto de la Fee / Juan de Timoneda.-- El Infamador / Juan de la Cueva.-- La cueva de Salamanca. El retablo de las maravillas / Cervantes | |
| 650 | 4 |
_aTeatro español- _yHasta S.XV. _917344 |
|
| 650 | 4 |
_aTeatro español- _yS.XVI-XVII. _917350 |
|
| 700 | 1 |
_aHesse, Everett Wesley. _963470 |
|
| 700 | 1 |
_aCueva, Juan de la. _9146967 |
|
| 852 |
_aES-MaACL _jC-40419 |
||
| 999 |
_c128852 _d128852 |
||